| 000 | 00864nam a22002417a 4500 | ||
|---|---|---|---|
| 005 | 20121214155332.0 | ||
| 008 | 121214t xxu||||| |||| 00| 0 eng d | ||
| 010 | _aENG-106450 | ||
| 020 |
_a9788178359373 _c750.00 |
||
| 035 | _aEN-89983 | ||
| 037 | _bDBAD/PUB | ||
| 040 |
_aDPL _bEng |
||
| 082 | _a370.1 | ||
| 100 |
_954337 _aDaniel, P. Sam |
||
| 245 |
_aIntegrated education / _cby P. Sam Daniel [and] Rachel K. Daniel |
||
| 260 |
_aDelhi _bKalpaz Publications _c2013 |
||
| 270 |
_aC-30, Satyawati Nagar _bDelhi _e110052 |
||
| 300 |
_a231p. _c22cm(Hb) |
||
| 500 | _aIncludes bibliographical references and index | ||
| 700 |
_aDaniel, Rachel K. _954343 |
||
| 942 |
_2ddc _cEN _h370.1 _mDAN |
||
| 999 |
_c72188 _d72188 |
||